A hidrogén és hélium spektrumának kapcsolata az O4 csoport bizonyos előállításaival

Elmentve itt :
Bibliográfiai részletek
Szerző: Benedict Mihály
További közreműködők: Gilde Ferenc (Témavezető)
Dokumentumtípus: Disszertáció
Megjelent: 1973
Kulcsszavak:Fizika
Tárgyszavak:
Online Access:http://doktori.ek.szte.hu/8312
LEADER 00716nta a2200205 i 4500
001 dokt8312
005 20221108122548.0
008 221108s1973 hu om 0|| hun d
040 |a SZTE Doktori Repozitórium  |b hun 
041 |a hun 
100 1 |a Benedict Mihály 
245 1 2 |a A hidrogén és hélium spektrumának kapcsolata az O4 csoport bizonyos előállításaival  |h [elektronikus dokumentum] /  |c  Benedict Mihály 
260 |c 1973 
502 |a Disszertacio 
650 4 |a fizikai tudományok 
650 4 |a Természettudományok 
650 4 |a Fizikai tudományok 
695 |a Fizika 
700 1 |a Gilde Ferenc  |e ths 
856 4 0 |u https://doktori.bibl.u-szeged.hu/id/eprint/8312/1/1973_benedict_mihaly.pdf  |z Dokumentum-elérés